00784cam a2200241 a 4500001000800000005001700008008004100025010001700066020001500083040001800098043001200116050002300128082001200151100002400163245007200187260004400259300003300303504005100336650006000387650003500447650003400482700002600516156140520170321092822.0920923s1993 maua b 001 0 eng  a 92036954  a0262071479 aDLCcDLCdDLC an-us---00aNX180.S6bG69 199300a7002201 aGraham, Dan,d1942-10aRock my religion, 1965-1990 /cDan Graham ; edited by Brian Wallis. a[Cambridge, Mass. :bMIT Press,cc1993] axx, 328 p. :bill. ;c28 cm. aIncludes bibliographical references and index. 0aArts and societyzUnited StatesxHistoryy20th century. 0aConceptual artzUnited States. 0aPostmodernismzUnited States.1 aWallis, Brian,d1953-